Živia nás včely

Snaha o zachovanie tradície slovenského včelárstva - prípad rodinnej firmy Ceramel.

Salvato in:
Dettagli Bibliografici
Autore principale: Vašková, Eva
Natura: Capitolo di libro
Lingua:slovacco
Soggetti:
Tags: Aggiungi Tag
Nessun Tag, puoi essere il primo ad aggiungerne!!

MARC

LEADER 00000naa a2200000 4500
001 0224241
005 20161109093024.6
041 0 |a slo 
044 |a SK 
245 1 0 |a Živia nás včely  |c Eva Vašková 
520 |a Snaha o zachovanie tradície slovenského včelárstva - prípad rodinnej firmy Ceramel. 
610 2 0 |a včelárstvo 
610 2 0 |a podnik rodinný 
610 2 0 |a Slovensko 
100 1 |a Vašková, Eva